| 000 | 00629nam a2200181Ia 4500 | ||
|---|---|---|---|
| 008 | 090123s9999 xx 000 0 und d | ||
| 082 | _b43182 | ||
| 100 | _aसितूत बाळ | ||
| 245 | _aसामान्याच्या (अ ) सामान्य व्यथा | ||
| 250 | _a1 | ||
| 260 | _c120 | ||
| 300 | _a168 | ||
| 600 | _aसितूत बाळ | ||
| 630 | _aसामान्याच्या (अ ) सामान्य व्यथा | ||
| 700 | _aसितूत बाळ | ||
| 730 | _aसामान्याच्या (अ ) सामान्य व्यथा | ||
| 942 | _cBOOK | ||
| 999 |
_c81268 _d81268 |
||